000 00614nam a2200205 4500
001 139558
003 ES-MaACL
005 20250701212936.0
007 t|
008 070214s1943 ag r ||||1| spa d
100 1 _aScheler, Max.
_9104283
245 1 0 _aEsencia y formas de la simpatía /
_cMax Scheler ; traducción directa de José Gaos.
260 _aBuenos Aires :
_bLosada,
_c1943.
300 _a375 p. ;
_c22 cm.
490 1 _aBiblioteca filosófica
700 1 _aGaos, José.
_953902
830 0 0 _aBiblioteca filosófica
_9179275
852 _aES-MaACL
_jB-10271
_bR.21688
999 _c139558
_d139558